<?xml version="1.0" encoding="UTF-8"?>
<record
    xmlns:xsi="http://www.w3.org/2001/XMLSchema-instance"
    xsi:schemaLocation="http://www.loc.gov/MARC21/slim http://www.loc.gov/standards/marcxml/schema/MARC21slim.xsd"
    xmlns="http://www.loc.gov/MARC21/slim">

  <leader>01305    a2200349   4500</leader>
  <controlfield tag="003">OSt</controlfield>
  <controlfield tag="005">20180116192327.0</controlfield>
  <controlfield tag="008">120410t        xxu||||| |||| 00| 0 eng d</controlfield>
  <datafield tag="010" ind1=" " ind2=" ">
    <subfield code="a">  2005936282</subfield>
  </datafield>
  <datafield tag="020" ind1=" " ind2=" ">
    <subfield code="a">0750668253 (pbk.)</subfield>
  </datafield>
  <datafield tag="020" ind1=" " ind2=" ">
    <subfield code="a">9780750668255</subfield>
  </datafield>
  <datafield tag="035" ind1=" " ind2=" ">
    <subfield code="a">(OCoLC)ocm62225542</subfield>
  </datafield>
  <datafield tag="040" ind1=" " ind2=" ">
    <subfield code="c">0</subfield>
  </datafield>
  <datafield tag="082" ind1=" " ind2=" ">
    <subfield code="a">808.06672</subfield>
  </datafield>
  <datafield tag="100" ind1="1" ind2=" ">
    <subfield code="a">Borden, Iain.</subfield>
    <subfield code="9">738</subfield>
  </datafield>
  <datafield tag="245" ind1="1" ind2="4">
    <subfield code="a">The dissertation :</subfield>
    <subfield code="b">an architecture student's handbook /</subfield>
    <subfield code="c">Iain Borden and Katerina Ru&#xCC;&#x2C6;edi Ray.</subfield>
  </datafield>
  <datafield tag="250" ind1=" " ind2=" ">
    <subfield code="a">2nd ed.</subfield>
  </datafield>
  <datafield tag="260" ind1=" " ind2=" ">
    <subfield code="a">Amsterdam ;</subfield>
    <subfield code="a">Boston :</subfield>
    <subfield code="b">Architectural Press,</subfield>
    <subfield code="c">2006.</subfield>
  </datafield>
  <datafield tag="300" ind1=" " ind2=" ">
    <subfield code="a">vii, 330 p. :</subfield>
    <subfield code="b">ill. ;</subfield>
    <subfield code="c">22 cm.</subfield>
  </datafield>
  <datafield tag="440" ind1=" " ind2="0">
    <subfield code="a">Seriously useful guides--</subfield>
    <subfield code="9">739</subfield>
  </datafield>
  <datafield tag="500" ind1=" " ind2=" ">
    <subfield code="a">Previous ed.: Oxford: Butterworth-Heinemann, 2000.</subfield>
  </datafield>
  <datafield tag="500" ind1=" " ind2=" ">
    <subfield code="a">Includes index</subfield>
  </datafield>
  <datafield tag="650" ind1=" " ind2="0">
    <subfield code="a">Architecture</subfield>
    <subfield code="x">Authorship</subfield>
    <subfield code="9">740</subfield>
  </datafield>
  <datafield tag="650" ind1=" " ind2="0">
    <subfield code="a">Architecture</subfield>
    <subfield code="x">Study and teaching (Graduate)</subfield>
    <subfield code="z">United States</subfield>
    <subfield code="9">741</subfield>
  </datafield>
  <datafield tag="650" ind1=" " ind2="0">
    <subfield code="a">Architecture</subfield>
    <subfield code="x">Research</subfield>
    <subfield code="x">Methodology</subfield>
    <subfield code="9">742</subfield>
  </datafield>
  <datafield tag="650" ind1=" " ind2="0">
    <subfield code="a">Dissertations, Academic</subfield>
    <subfield code="9">743</subfield>
  </datafield>
  <datafield tag="650" ind1=" " ind2="0">
    <subfield code="a">Dissertations, Academic</subfield>
    <subfield code="x">Abstracts.</subfield>
    <subfield code="9">744</subfield>
  </datafield>
  <datafield tag="700" ind1="1" ind2=" ">
    <subfield code="a">Ru&#xCC;&#x2C6;edi, Katerina.</subfield>
    <subfield code="9">745</subfield>
  </datafield>
  <datafield tag="856" ind1="4" ind2="2">
    <subfield code="3">Publisher description</subfield>
    <subfield code="u">http://www.loc.gov/catdir/enhancements/fy0661/2005936282-d.html</subfield>
  </datafield>
  <datafield tag="942" ind1=" " ind2=" ">
    <subfield code="a">SADA</subfield>
    <subfield code="c">BK</subfield>
    <subfield code="k">808.06672 BOR 2006</subfield>
    <subfield code="2">ddc</subfield>
  </datafield>
  <datafield tag="999" ind1=" " ind2=" ">
    <subfield code="c">352240</subfield>
    <subfield code="d">352240</subfield>
  </datafield>
  <datafield tag="952" ind1=" " ind2=" ">
    <subfield code="0">0</subfield>
    <subfield code="1">0</subfield>
    <subfield code="2">ddc</subfield>
    <subfield code="4">0</subfield>
    <subfield code="7">0</subfield>
    <subfield code="a">SADA</subfield>
    <subfield code="b">SADA</subfield>
    <subfield code="d">2010-10-04</subfield>
    <subfield code="l">0</subfield>
    <subfield code="o">808.06672 BOR 2006</subfield>
    <subfield code="p">SADA0000323</subfield>
    <subfield code="r">2011-08-05</subfield>
    <subfield code="t">1</subfield>
    <subfield code="v">2259.00</subfield>
    <subfield code="w">2011-08-05</subfield>
    <subfield code="y">BK</subfield>
  </datafield>
  <datafield tag="952" ind1=" " ind2=" ">
    <subfield code="0">0</subfield>
    <subfield code="1">0</subfield>
    <subfield code="2">ddc</subfield>
    <subfield code="4">0</subfield>
    <subfield code="7">0</subfield>
    <subfield code="a">SADA</subfield>
    <subfield code="b">SADA</subfield>
    <subfield code="d">2014-02-25</subfield>
    <subfield code="l">0</subfield>
    <subfield code="o">808.06672 BOR 2006</subfield>
    <subfield code="p">SADA0002232</subfield>
    <subfield code="r">2014-02-27</subfield>
    <subfield code="t">2</subfield>
    <subfield code="w">2014-02-27</subfield>
    <subfield code="y">BK</subfield>
  </datafield>
  <datafield tag="952" ind1=" " ind2=" ">
    <subfield code="0">0</subfield>
    <subfield code="1">0</subfield>
    <subfield code="2">ddc</subfield>
    <subfield code="4">0</subfield>
    <subfield code="7">0</subfield>
    <subfield code="a">SADA</subfield>
    <subfield code="b">SADA</subfield>
    <subfield code="d">2014-02-25</subfield>
    <subfield code="l">0</subfield>
    <subfield code="o">808.06672 BOR 2006</subfield>
    <subfield code="p">SADA0002233</subfield>
    <subfield code="r">2014-02-27</subfield>
    <subfield code="t">3</subfield>
    <subfield code="w">2014-02-27</subfield>
    <subfield code="y">BK</subfield>
  </datafield>
  <datafield tag="952" ind1=" " ind2=" ">
    <subfield code="0">0</subfield>
    <subfield code="1">0</subfield>
    <subfield code="2">ddc</subfield>
    <subfield code="4">0</subfield>
    <subfield code="7">0</subfield>
    <subfield code="a">SADA</subfield>
    <subfield code="b">SADA</subfield>
    <subfield code="d">2014-02-25</subfield>
    <subfield code="l">0</subfield>
    <subfield code="o">808.06672 BOR 2006</subfield>
    <subfield code="p">SADA0002234</subfield>
    <subfield code="r">2014-02-27</subfield>
    <subfield code="t">4</subfield>
    <subfield code="w">2014-02-27</subfield>
    <subfield code="y">BK</subfield>
  </datafield>
  <datafield tag="952" ind1=" " ind2=" ">
    <subfield code="0">0</subfield>
    <subfield code="1">0</subfield>
    <subfield code="2">ddc</subfield>
    <subfield code="4">0</subfield>
    <subfield code="7">0</subfield>
    <subfield code="a">SADA</subfield>
    <subfield code="b">SADA</subfield>
    <subfield code="d">2014-02-25</subfield>
    <subfield code="l">0</subfield>
    <subfield code="o">808.06672 BOR 2006</subfield>
    <subfield code="p">SADA0002235</subfield>
    <subfield code="r">2014-02-27</subfield>
    <subfield code="t">5</subfield>
    <subfield code="w">2014-02-27</subfield>
    <subfield code="y">BK</subfield>
  </datafield>
  <datafield tag="952" ind1=" " ind2=" ">
    <subfield code="0">0</subfield>
    <subfield code="1">0</subfield>
    <subfield code="2">ddc</subfield>
    <subfield code="4">0</subfield>
    <subfield code="7">0</subfield>
    <subfield code="a">SADA</subfield>
    <subfield code="b">SADA</subfield>
    <subfield code="d">2014-02-25</subfield>
    <subfield code="l">0</subfield>
    <subfield code="o">808.06672 BOR 2006</subfield>
    <subfield code="p">SADA0002236</subfield>
    <subfield code="r">2014-02-27</subfield>
    <subfield code="t">6</subfield>
    <subfield code="w">2014-02-27</subfield>
    <subfield code="y">BK</subfield>
  </datafield>
</record>
